Statistics for Minnesota Vikings Yearly Records

Click here to take the quiz!

General Stats

  • This quiz has been taken 158 times
  • The average score is 42 of 58

Answer Stats

YearGames PlayedAnswer% Correct
20171613-3
93%
20151611-5
89%
19881611-5
88%
20001611-5
88%
19921611-5
88%
2016168-8
88%
20091612-4
87%
19981615-1
86%
2014167-9
86%
1997169-7
86%
1993169-7
86%
1996169-7
86%
2005169-7
86%
1986169-7
86%
1980169-7
86%
2003169-7
86%
20121610-6
84%
20081610-6
84%
1985167-9
84%
1979167-9
84%
1981167-9
84%
2004168-8
84%
1991168-8
84%
1983168-8
84%
2007168-8
84%
1995168-8
84%
19941610-6
83%
19891610-6
83%
19991610-6
83%
2010166-10
83%
1990166-10
82%
2006166-10
82%
2002166-10
82%
2011163-13
81%
1984163-13
80%
2001165-11
80%
19711411-3
79%
19741410-4
77%
19751412-2
75%
19731412-2
75%
19701412-2
75%
19691412-2
75%
1961143-11
73%
1968148-6
73%
1977149-5
73%
1965147-7
71%
1972147-7
70%
1987158-7
60%
1978168-7-1
42%
198295-4
39%
2013165-10-1
31%
1964148-5-1
25%
1963145-8-1
24%
19761411-2-1
23%
1966144-9-1
22%
1962142-11-1
20%
1967143-8-3
9%
All-Time870470-390-10
3%

Score Distribution

Percentile by Number Answered

Percent of People with Each Score

Your Score History

You have not taken this quiz